00384nam a2200097Ia 4500008004100000020001800041245012000059260003100179650003500210856004100245171212s9999 xx 000 0 und d a9781783742431 ceditor Graf, HeikeaThe Environment in the Age of the InternetbActivists, Communication, and the Digital Landscape bOpen Book Publishersc2016 aEcology & Evolutionary Biology uhttp://jstor.org/stable/j.ctt1d41dkh